000 01862nam a2200493 a 4500
001 21967
003 VRT
005 20260316115601.0
008 240313s2000 xo a r slo
015 _aSNBA2001/04-01320
020 _a800601017X
035 _aSNK000361305
035 _aurn:nbn:sk:snk-amltvx
035 _aurn:nbn:sk:snk-am00ccml
035 _a37BC4824-0206-41FE-B0B4-FBB991F6170A
039 9 _a202403131701
_bVLOAD
_c202402261858
_dVLOAD
_c202305021114
_dAUTHORITY
_c201711230957
_dVLOAD
040 _aSNK
_bslo
_cSNK
_eAACR2
041 0 _aslo
044 _axo
_cSK
080 _a592/599(031)(087.5)
_21981
080 _a03(087.5)
_21981
100 1 _aYoung, Caroline
_4aut
240 1 0 _aThe usborne great wildlife search
_lSlovensky
245 1 _aVeľké hľadanie v prírode
_cCaroline Youngová, Kate Needhamová ; ilustroval Ian Jackson ; grafická úprava Andy Dixon a Andy Griffin ; [preklad: Karol Hensel]
260 _aBratislava
_bMladé letá
_c2000
300 _a110 s.
_bfareb. ilustr.
_c33 cm
500 _aIlustr. na tit. strane
500 _aÚdaj o prekl. prevzatý z rubu tit. strany
504 _aReg.
650 0 7 _aživočíchy
_xencyklopédie pre deti
_2SNK
650 0 7 _aencyklopédie pre deti
_xživočíchy
_2SNK
655 7 _aencyklopédie
_2SNK
700 1 _aNeedham, Kate
_4aut
700 1 _aJackson, Ian
_4ill
700 1 _aDixon, Andy
_4ill
700 1 _aGriffin, Andy
_4ill
700 1 _aHensel, Karol,
_d1939-2020
_4trl
942 _2ddc
_cOLDE
_n0
949 _6273K0098413
_asvkpoC 36999
_bsvkpo443687
949 _6270001000089757
_asvkbbD 1042
_bsvkbbm 633460
949 _617A0270827
_9P60, <03>, [BOOK], {603}
_asnkSB 63017
_bsnkKSP 1927/2001
_s6100:20160606
949 _617A0270826
_9P60, <04>, [BOOK], {604}
_asnkSB 63017 D1
_bsnkKSP 1928/2001
999 _c21967
_d21967